L'Etat moderne et son droit / (Record no. 84639)

MARC details
000 -LEADER
campo de control de longitud fija 00851nam a2200217 i 4500
001 - NÚMERO DE CONTROL
campo de control 84639
003 - IDENTIFICADOR DE NÚMERO DE CONTROL
campo de control ES-MaACL
005 - FECHA Y HORA DE LA ÚLTIMA TRANSACCIÓN
campo de control 20250830095355.0
007 - CAMPO FIJO DE DESCRIPCIÓN FÍSICA--INFORMACIÓN GENERAL
campo de control de longitud fija t|
008 - DATOS DE LONGITUD FIJA--INFORMACIÓN GENERAL
campo de control de longitud fija 041123s1904 fr ||||1| fre d
100 1# - ENTRADA PRINCIPAL--NOMBRE DE PERSONA
Nombre de persona Jellinek, Georg (
Fechas asociadas al nombre 1851-1911)
9 (RLIN) 66282
245 12 - MENCIÓN DEL TÍTULO
Título L'Etat moderne et son droit /
Mención de responsabilidad, etc. George Jellinek ; traduit par Georges Fardis ; avec la collaboration d'un groups d'avocats.
260 ## - PUBLICACIÓN, DISTRIBUCIÓN, ETC.
Lugar de publicación, distribución, etc. Paris :
Nombre del editor, distribuidor, etc. [s.n.,
Fecha de publicación, distribución, etc. 1904] (
Lugar de fabricación/manufactura Tours :
Fabricante Deslis Frères)
300 ## - DESCRIPCIÓN FÍSICA
Extensión 1 v. ;
Dimensiones 22 cm.
505 8# - NOTA DE CONTENIDO CON FORMATO
Nota de contenido con formato Contiene: 1era Parte: Lib.1: Introduction a la doctrine de l'Etat / traduit par Georges Fardis ; en collaboration avec M. Ch. Bourgoing Dumonteil
650 07 - PUNTO DE ACCESO ADICIONAL DE MATERIA--TÉRMINO DE MATERIA
Término de materia o nombre geográfico como elemento de entrada Estado
Fuente del encabezamiento o término embne
9 (RLIN) 12523
700 1# - ENTRADA AGREGADA--NOMBRE PERSONAL
Nombre de persona Fardis, Georges.
9 (RLIN) 48834
700 1# - ENTRADA AGREGADA--NOMBRE PERSONAL
Nombre de persona Bourgoing-Dumonteil, M. Ch.
9 (RLIN) 31000
852 ## - LOCALIZACIÓN
Ubicación ES-MaACL
Número de control de estantería F-12302
Holdings
Estatus retirado Estado de pérdida Estado de daño No para préstamo Biblioteca de origen Biblioteca actual Ubicación en estantería Fecha de adquisición Fuente de adquisición Total de préstamos Signatura topográfica completa Código de barras Visto por última vez Precio de reemplazo Tipo de ítem Koha
        Biblioteca del Ateneo de Madrid Biblioteca del Ateneo de Madrid Sala Pecera Planta 2 17/01/2008     F-12302 1088455 23/02/2023 23/02/2023 Libro impreso